000 00722nas a2200241 4500
001 BR8901063
003 BR-BrBNA
005 20231205091453.0
007 ta
008 230509b bl.|||p| |||| 00| 00por d
040 _aBR-BrBNA
_bpor
_cBiblioteca Nacional de Agricultura
041 _a(Pt)
072 _aF60
100 1 _aMallozzi, P.R.
100 1 _aBarros, M.A.
245 1 _aSaponinas em tepalas normais e deformadas de gladiolo cultivar Rosa de Lima
650 _aGLADIOLO
650 _aANALISE QUIMICA
650 _aLABORATORIO
773 0 _tRevista de Agricultura (Brazil)
_xISSN 0034-7655
_g(Oct 1988), v. 63(2) p. 235-243
_wBR8901063
909 _a202311
_bLúcia
_c55
_dLúcia Elande
942 _2AGRIS
_n0
_cANA
999 _c125311
_d125311